Una aproximación a la necesaria reforma del régimen de accidentes de trabajo (Registro nro. 22654)
[ vista simple ]
| 000 -LEADER | |
|---|---|
| fixed length control field | 00405 a2200109 4500 |
| 001 - CONTROL NUMBER | |
| control field | ART_4787 |
| 005 - DATE AND TIME OF LATEST TRANSACTION | |
| control field | 20260410161824.0 |
| 008 - FIXED-LENGTH DATA ELEMENTS--GENERAL INFORMATION | |
| fixed length control field | 260409a |
| 100 1# - MAIN ENTRY--PERSONAL NAME | |
| Personal name | Ackerman, Mario E. |
| 245 10 - TITLE STATEMENT | |
| Title | Una aproximación a la necesaria reforma del régimen de accidentes de trabajo |
| 773 0# - HOST ITEM ENTRY | |
| Title | Revista de trabajo |
| Related parts | Adaptabilidad y negociación colectiva - Año 1, Nº 4 (sep./oct. 1994) |
| Record control number | REV4713 |
No hay ítems disponibles.